000 00956cab a2200277 4500
001 ABS55409
008 090401t1996 xxu||||| |||| 00| 0 eng d
035 _a(Sirsi) u16239
041 _aeng
100 _aWalsh, J
245 _aLimited liability partnerships could cut the personal risk
260 _c1996
350 _a0
490 _aProperty Week
_v55(12) 20 June 1996, 12(1)
520 _aExamines the advantages and disadvantages of limited liability partnerships, which have recently been introduced in the Channel Islands and discusses how they can reduce the risk to partners` personal assets.
650 _aCHANNEL ISLANDS
650 _aJERSEY
650 _aLIMITED LIABILITY PARTNERSHIPS
650 _aLIMITED LIABILITY PARTNERSHIPS
650 _aPARTNERSHIPS
650 _aPERSONAL LIABILITY
690 _aMANAGEMENT-BUSINESS MANAGEMENT-PROFESSIONAL PRACTICE
700 _aMerron, A.
942 _n0
948 _c04/03/1997
999 _c10672
_d10672